| 000 | 01053cam a22002657a 4500 | ||
|---|---|---|---|
| 999 |
_c15679 _d15679 |
||
| 003 | EG-ScBUE | ||
| 005 | 20200118134633.0 | ||
| 008 | 110712s2004 ua f b 000 1 ara d | ||
| 020 | _a9775058562 | ||
| 040 |
_aEG-ScBUE _bara _erda _cEG-ScBUE _dEG-ScBUE |
||
| 082 | 0 | 4 |
_a892.746 _bق ر ا _222 |
| 245 | 0 | 0 |
_aقراءات في الأدب واللغة. _n9 / _cالمؤلفون أعضاء هيئة التدريس بقسم اللغة العربية، كلية الآداب - جامعة طنطا. |
| 250 | _aالطبعة الأولى. | ||
| 264 | 1 |
_aالقاهرة : _bكلية الآداب، جامعة طنطا، _c2004. |
|
| 300 |
_a472 صفحة ؛ _c24 سم |
||
| 336 |
_2rdacontent _aنص _btxt |
||
| 337 |
_2rdamedia _aبدون وسيط _bn |
||
| 338 |
_2rdacarrier _aمجلد _bnc |
||
| 504 | _aيشتمل على إرجاعات ببليوجرافية. | ||
| 590 | _aمروة أشرف | ||
| 650 | 7 |
_aالأدب العربي _xتاريخ ونقد. _2BUEsh _913631 |
|
| 653 |
_bARALIT _cJuly2011 _cJuly2019 |
||
| 655 | _vReading book | ||
| 942 |
_2ddc _cBB |
||